000 00406nam a2200181Ia 4500
001 4663
005 20260306145812.0
008 260306t2003||||xx |||||||||||||| ||spa||
041 _aESP
082 _a330
_bF81
100 _aFrank, Robert H.
_eAUT
245 0 _aPrincipios de economía texto impreso
260 _c2003
300 _a
_c
650 _aGEN
654 _aCAN
942 _cLIB
_dJUS
_fJUS
_2ddc
_n
999 _c4663
_d4663